00000000nam##2200000za#4500
0019.588177
003CaOODSP
00520210624195008
007cr |||||||||||
008150406|2003||||xxc|||||o    f|0| 0 eng|d
022 |a1488-5379
040 |aCaOODSP|beng
041 |aeng
041 |afre
043 |an-cn---
0861 |aFs97-6/2463-PDF
1101 |aCanada. |bDepartment of Fisheries and Oceans.
24510|aNational Science Workshop 2002, Fisheries and Oceans, Canada, Burlington, Ontario / |h[electronic resource]|cby R.G. Randall ... [et al.]
260 |aBurlington - Ontario : |bFisheries and Oceans Canada |cc2003.
300 |a248p.|bfigs., references
4901 |aCanadian technical report of fisheries and aquatic sciences|x1488-5379|vNo. 2463
500 |aThe catalogue number and ISSN for the print edition appear in this electronic version.
590 |a12-37-Supp|b2012-09-24
7201 |aRandall, R. G.
7760#|tAtelier national des sciences 2002, Pêches et Océans Canada, Burlington (Ontario) / |w(CaOODSP)9.538637
792 |tAtelier national des sciences 2002, Pêches et Océans Canada, Burlington (Ontario) / |efre|w(CaOODSP)9.588178
830#0|aCanadian technical report of fisheries and aquatic sciences,|x1488-5379|vNo. 2463|w(CaOODSP)9.500269
85640|ahttp://publications.gc.ca|qPDF|s6500 KB|uhttps://publications.gc.ca/collections/collection_2012/mpo-dfo/Fs97-6-2463.pdf|yNo. 2463